000 00482cam a2200145 4500500
005 20260322001903.0
041 _afre
042 _adc
100 1 0 _aDusserre, Aurélia
_eauthor
245 0 0 _aChars et artillerie. Un conflit total
260 _c2026.
500 _a81
786 0 _nL'Histoire - Les Collections | 110 | 1 | 2026-01-08 | p. 87-87 | 2727-6945
856 4 1 _uhttps://shs.cairn.info/magazine-lhistoire-les-collections-2026-1-page-87?lang=fr&redirect-ssocas=7080
999 _c1718720
_d1718720